| 000 | 00782nam a22002777a 4500 | ||
|---|---|---|---|
| 003 | CHAP | ||
| 005 | 20220329133943.0 | ||
| 008 | 971013s1934 r 00010 d | ||
| 010 | _a13169 | ||
| 011 | _a14141 | ||
| 035 | _a18214 | ||
| 040 | _cCHAP | ||
| 082 |
_a425 _bB4 |
||
| 100 | 0 | 0 |
_aBeal, Kenneth. _911055 |
| 245 | _aGrammar for speaking and writing | ||
| 260 |
_aNew York : _bHarcourt, _c1934 |
||
| 300 | _a489 p. | ||
| 590 |
_aBATCH-UPD _b10 _c20130110 _lUCH01 _h1329 |
||
| 590 |
_aBATCH-UPD _b10 _c20130410 _lUCH01 _h0835 |
||
| 590 |
_aBATCH-UPD _b10 _c20130914 _lUCH01 _h1642 |
||
| 590 |
_aCONVERSION _b10 _c20130109 _lUCH01 _h1309 |
||
| 650 | 1 | 4 |
_aInglés _xGramática. _958342 |
| 901 | _aBK | ||
| 942 | _cLIBRO | ||
| 949 |
_a425 B4 _bBC _cLIBRO _d-42510 _eLIBRO _h7195 _i18214 _si |
||
| 999 |
_c13169 _d13169 |
||